| 000 | 01065nam a2200253Ia 4500 | ||
|---|---|---|---|
| 003 | Ost | ||
| 005 | 20260507075253.0 | ||
| 008 | 260507s9999||||xx |||||||||||||| ||und|| | ||
| 040 | _cfsecg | ||
| 041 | _aara | ||
| 082 | _a330 | ||
| 100 |
_aالربيعي، حاكم محسن _eمؤلف |
||
| 245 | 0 |
_aحوكمة البنوك و اثرها في الاداء و المخاطرة / _c حاكم محسن الربيعي |
|
| 260 |
_aعمان: _bدار اليازوري, _c2011 |
||
| 300 |
_a336 صفحة؛ _bإيضاحات ؛ _c24 سم |
||
| 504 | _aمراجع ص.321 | ||
| 520 | _aمفهوم و أهميه حاكمية الشركات و الاطار المؤسسي و الرقابي لحاكمية المصارف و آلياتها و الاداء المصرفي و المخاطرة المصرفية . | ||
| 653 | _aالبنوك | ||
| 653 | _aالحكومات | ||
| 653 | _aالقطاع العام | ||
| 653 | _aالمؤسسات المالية- العمومية | ||
| 700 |
_aراضي، حمد عبد الحسين _eمؤلف ثانوي |
||
| 942 | _cكتاب | ||
| 999 |
_c43710 _d43710 |
||